Una formación europea para un reformador español, Pablo Montesino /

Detalles Bibliográficos
Autor principal: Ruiz Berrio, Julio
Formato: Libro
Lenguaje:inglés

MARC

LEADER 00000cam a2200000 a 4500
001 040247
003 UAHC_CL
005 20170803124430.0
008 060714b xx j 000 1 eng
040 |a UAHC_CL  |c UAHC_CL  |d UAHC_CL 
100 1 |a Ruiz Berrio, Julio 
245 1 4 |a Una formación europea para un reformador español, Pablo Montesino /  |c Julio Ruiz. 
500 |a Revista Complutense de Educación. --Vol. 1, Nº3 (1990) pp. 427-434. 
900 |a REV. COMPLUT. EDUC.-03/90 
942 |c BK 
999 |c 40247  |d 40247